| 000 | 00660nam a2200193 i 4500 | ||
|---|---|---|---|
| 001 | 81475 | ||
| 003 | ES-MaACL | ||
| 005 | 20230906174438.0 | ||
| 007 | t| | ||
| 008 | 041104s1966 sp ||||1| spa d | ||
| 100 | 1 |
_aHubatsch, Walther. _964478 |
|
| 245 | 1 | 3 |
_aLa cuestión alemana / _cpor Walther Hubatsch ; con la colaboración de Wolfgang Heidelmeyer ; [versión, Luis y María Santiago de Pablo]. |
| 260 |
_aBarcelona : _bHerder, _c[1966] |
||
| 300 |
_a401 p. ; _c20 cm. |
||
| 700 | 1 |
_aHeidelmeyer, Wolfgang. _962340 |
|
| 700 | 1 |
_aSantiago de Pablo, Luis. _9103397 |
|
| 700 | 1 |
_aSantiago de Pablo, María. _9103398 |
|
| 852 |
_aES-MaACL _jC-31810 _bR.62056 |
||
| 999 |
_c81475 _d81475 |
||